<?xml version="1.0" encoding="UTF-8"?><?xml-stylesheet type="text/xsl" href="static/style.xsl"?><OAI-PMH xmlns="http://www.openarchives.org/OAI/2.0/" xmlns:xsi="http://www.w3.org/2001/XMLSchema-instance" xsi:schemaLocation="http://www.openarchives.org/OAI/2.0/ http://www.openarchives.org/OAI/2.0/OAI-PMH.xsd"><responseDate>2026-06-03T04:54:56Z</responseDate><request verb="GetRecord" identifier="oai:riuma.uma.es:10630/45904" metadataPrefix="marc">https://riuma.uma.es/rest/oai/request</request><GetRecord><record><header><identifier>oai:riuma.uma.es:10630/45904</identifier><datestamp>2026-03-05T00:45:50Z</datestamp><setSpec>com_10630_2254</setSpec><setSpec>col_10630_37956</setSpec></header><metadata><record xmlns="http://www.loc.gov/MARC21/slim" xmlns:dcterms="http://purl.org/dc/terms/" xmlns:doc="http://www.lyncode.com/xoai" xmlns:xsi="http://www.w3.org/2001/XMLSchema-instance" xsi:schemaLocation="http://www.loc.gov/MARC21/slim http://www.loc.gov/standards/marcxml/schema/MARC21slim.xsd">
   <leader>00925njm 22002777a 4500</leader>
   <datafield ind2=" " ind1=" " tag="042">
      <subfield code="a">dc</subfield>
   </datafield>
   <datafield ind2=" " ind1=" " tag="720">
      <subfield code="a">Ramírez-Arlandi, Juan</subfield>
      <subfield code="e">author</subfield>
   </datafield>
   <datafield ind2=" " ind1=" " tag="260">
      <subfield code="c">2013</subfield>
   </datafield>
   <datafield ind2=" " ind1=" " tag="520">
      <subfield code="a">ABSTRACT: The study of matricial norms (Toury 1995) has proved itself an illuminating descriptive tool for illustrating the complex relationships perceived among “originals”, translated texts, and other mediating versions. Thus, this paper explores the extent to which determining such norms may significantly contribute to uncovering the intricate links that underlie translational processes. To do so, this paper examines the description of these norms across the translations of 'Education: Intellectual, Moral and Physical' (1861) by Herbert Spencer, into Spanish and French in the last quarter of the 19th century.

RESUMEN: El estudio de las normas matriciales (Toury 1995) ha resultado ser una herramienta descriptiva muy reveladora para ilustrar las complejas relaciones que se advierten entre los «originales», los textos traducidos y otras versiones intermedias. Así, el presente trabajo estudia hasta qué punto la explicitación de tales normas puede contribuir, de manera excepcional, a la identificación de los complejos vínculos que subyacen a los procesos de traducción. A tal efecto, este trabajo describe estas normas en las diferentes traducciones al español y al francés de `Education: Intellectual, Moral and Physical' (1861) de Herbert Spencer, realizadas en el último cuarto del siglo XIX.</subfield>
   </datafield>
   <datafield ind1="8" ind2=" " tag="024">
      <subfield code="a">Ramírez-Arlandi, Juan (2013). “MATRICIAL NORMS IN THE LIGHT OF SOURCE LANGUAGE MATERIALS, TRANSLATED TEXTS AND INDIRECT TRANSLATIONS: A CASE STUDY.” Caprara, G., I. Martínez Robledo &amp; E. Tijeras López (eds.) Translating Culture – Traduire la Culture – Traducir la Cultura. Vol. 8 De barreras culturales en la traducción literaria, periodística y humanística. Granada: Comares. 1291-1312.</subfield>
   </datafield>
   <datafield ind1="8" ind2=" " tag="024">
      <subfield code="a">978-84-9045-050-5</subfield>
   </datafield>
   <datafield ind1="8" ind2=" " tag="024">
      <subfield code="a">https://hdl.handle.net/10630/45904</subfield>
   </datafield>
   <datafield tag="653" ind2=" " ind1=" ">
      <subfield code="a">Traducción - Historia</subfield>
   </datafield>
   <datafield tag="653" ind2=" " ind1=" ">
      <subfield code="a">Análisis del discurso</subfield>
   </datafield>
   <datafield ind2="0" ind1="0" tag="245">
      <subfield code="a">Matricial norms in the light of source‑language materials, translated texts and indirect translations: a case‑study.</subfield>
   </datafield>
</record>
</metadata></record></GetRecord></OAI-PMH>